Türk halk oyunları antolojisi 1 = (Record no. 15599)

MARC details
000 -BAŞLIK
Sabit Uzunlukta Kontrol Alanı 00902nam a22002657a 4500
999 ## - SİSTEM KONTROL NUMARALARI (KOHA)
Koha Biblionumber 15599
Koha Biblioitemnumber 15599
003 - KONTROL NUMARASI IDENTIFIER
Denetim Alanı MIRAKIL
005 - SON İŞLEM TARİHİ VE ZAMANI
Denetim Alanı 20240308162344.0
008 - SABİT-BOY VERİ ELEMANLARI - GENEL BİLGİLER
Sabit Uzunlukta Kontrol Alanı 240308b tu ||||| |||| 00| 0 tur d
040 ## - KATALOGLAMA KAYNAK
Orijinal Kataloglama Ajansı TR-AnCHP
Metne Dönüştürmek Ajansı TR-AnCHP
041 ## - DİL KODU
Metin / Ses Parça Veya Ayrı Başlığın Dil Kodu tur
041 ## - DİL KODU
Metin / Ses Parça Veya Ayrı Başlığın Dil Kodu eng
082 ## - DEWEY ONLU SINIFLANDIRMA NUMARASI
Sınıflandırma Numarası 793.319561
Ürün Numarası G79t 2002
090 ## - SINIFLAMA NUMARASI
Sınıflama Numarası 793.319561 G79t 2002
100 ## - ANA GİRİŞ - KİŞİSEL İSİM
Kişisel Ad Gözaydın, Nevzat
245 10 - BAŞLIK TABLOSU
Başlık Türk halk oyunları antolojisi 1 =
Başlığın Kalan Anthology of Turkish folk dances 1 /
Sorumluluk Tablosu, Vb Nevzat Gözaydın.
246 ## - UNVAN FORM VARYING
Başlık Doğru / Kısa Başlığı Anthology of Turkish folk dances 1
246 ## - UNVAN FORM VARYING
Başlık Doğru / Kısa Başlığı Türk halk oyunları
246 ## - UNVAN FORM VARYING
Başlık Doğru / Kısa Başlığı Turkish folk dances
260 ## - YAYIN, DAĞITIM, VB
Yayın, Dağıtım, Vb Yeri İstanbul :
Yayıncı, Dağıtıcı, Vs Adı Ahmed Nedim Çeker,
Yayın, Dağıtım, Vb Tarihi 2002.
300 ## - FİZİKSEL TANIM
Kapsam 103, 57 s. :
Diğer Fiziksel Ayrıntıları rnk. res. ;
Boyutlar 26 cm.
Eşlik Eden Malzeme 4 CD.
500 ## - GENEL NOT
Genel Not Metin, Türkçe-İngilizce paralel<br/>
650 #0 - KONU KATMA GİRİŞ - TOPİKAL DÖNEM
9 (RLIN) 7701
Topikal Süreli Veya Coğrafi Ad Giriş Elemanı Halk oyunları
856 ## - ELEKTRONİK YER VE ERİŞİM
Kamu Notu Dijital Nüshası için Partimizin Kütüphane Sorumlusu ile iletişime geçiniz.
942 ## - EKLENDİ GİRİŞ ELEMANLARI (KOHA)
Sınıflandırma Veya Raf Düzeni Kaynak Dewey Decimal Classification
Koha Öğesi Türü Books
Holdings
Kalıcı Konum Mevcut Konum Edinme Tarihi Toplam Check-Out'Lar Tam Çağrı Numarası Barkod Tarih Son Görülme İtibaren Geçerli Fiyatlar Koha Öğesi Türü
CHP Kütüphanesi CHP Kütüphanesi 03/08/2024   793.319561 G79t 2002 21510 03/08/2024 03/08/2024 Books